000 00449cam a22001457a 4500
008 180718b1978 xxu||||| |||| 00| 0 eng d
082 _aI548x54 M314p
100 _aMankekar, D.R.
245 _aPress vs the government before and during emergency
_cby D.R. Mankekar
260 _aDelhi
_bCalrion Books
_c1978
300 _a187p.
650 _aPress law --India
650 _aFreedom of the press --India
650 _aGovernment and the press --India
999 _c349858
_d349858